| 000 | 00521nam a22001817a 4500 | ||
|---|---|---|---|
| 005 | 20251108165213.0 | ||
| 008 | 250721s2006 xx 000 0 ara d | ||
| 082 | 1 | 4 | _a615.882/عقي |
| 100 | 1 |
_aعقيل، محسن _eمؤلف |
|
| 245 | 1 | 0 | _aالعلاج بالأعشاب / |
| 250 | _aط2 | ||
| 264 | 1 |
_aلبنان : _bمؤسسة الاعلمي للمطبوعات، _c2006. |
|
| 300 | _a752ص | ||
| 650 | 1 | 7 | _aالتداوي بالاعشاب |
| 650 | 1 | 7 | _aالطب النبوي |
| 942 |
_2ddc _cBK |
||
| 999 |
_c22041 _d22041 |
||